LEADER 01410nam a2200289 4500 001 000000338107 003 CaOOAMICUS 005 20191121151702.0 008 191121s2010 it 000 u mul r 020 $a978-88-98577-10-1 040 $aSeMil$bita 100 1 $aDuns Scotus, Ioannes,$c.$0(OLS)http://semarc/name/109102 245 10$aCommento alle sentenze, Ordinatio : $bLibro primo, distinzione terza /$cBeato Giovanni Duns Scoto ; introduzione, traduzione e note a cura di padre Alessandro M. Apollonio ; prefazione di Angelo Marchesi. 264 1$aFrigento (AV) :$bCasa mariana,$c2010. 300 $axl, 449 p. ;$c22 cm 500 $aTraduzione italiana con testo originale a fronte 700 1 $aMarchesi, Angelo.$0(OLS)http://semarc/name/110536 700 1 $aApollonio, Alessandro Maria,$c.$0(OLS)http://semarc/name/62228 830 0$aQuaderni di studi scotisti.$0(OLS)http://semarc/title/24289 850 $aSeMil 852 $aSeMil$W1$xVenegono$y1$m2N V 702$j217325$B229420$CSeMilBibl$Z2$F229420 $81 900 1 $aDuns Scoto, Giovanni. 996 $6020$a978-88-98577-10-1$9(OLS)http://semarc/number/289249 996 $6245$aCommento alle sentenze, Ordinatio : $bLibro primo, distinzione terza$9(OLS)http://semarc/title/426977 996 $6264$aFrigento (AV) :$bCasa mariana$9(OLS)http://semarc/publisher/34864 LEADER 01083nam a2200277 i 4500 001 000000052160 003 CaOOAMICUS 005 20110428000000.0 008 110428s1928 xx u000 u fre u 013 $a23332 040 $aSeMil$bita 100 1 $aGaxotte, Pierre.$0(OLS)http://semarc/name/25764 245 13$aLa Révolution française /$cPierre Gaxotte. 250 $a48. édition. 260 $aParis :$bFayard,$c1928. 300 $a447 p. ;$c19 cm. 490 0 $aLes grands études historiques 500 $aDono di mons. Antonio Rimoldi. 650 4$aFrancia - Storia - Sec. 18.$0(OLS)http://semarc/subject/1089 650 4$aRivoluzione francese <1789-1799>.$0(OLS)http://semarc/subject/1257 830 4$aLes grands études historiques.$0(OLS)http://semarc/title/22203 850 $aSeMil 852 $aSeMil$W1$xVenegono$y1$m3V I 369$j18315$B18315$CSeMilBibl$Z2$F18316 $81 961 $aOmaggio: Rimoldi mons. Antonio 996 $6245$aLa Révolution française$9(OLS)http://semarc/title/79997 996 $6260$aParis :$bFayard$9(OLS)http://semarc/publisher/29821